000 00827nam a22002657a 4500
001 BR9500250
003 BR-BrBNA
005 20230928094411.0
007 ta
008 230509b bl.||||| |||| 00| 0 por d
040 _aBR-BrBNA
_bpor
_cBiblioteca Nacional de Agricultura
041 _a(Por)
072 _aE20; D10
090 _ E20 BR9500250
110 1 _aMinisterio da Fazenda, Rio de Janeiro, GB (Brasil). Comissao de Orcamento
_97030
245 1 _aMinisterio da Agricultura, anexo no. 12 do orcamento geral da Uniao para 1943 e tabelas explicativas
260 3 _aRio de Janeiro, GB (Brasil):
_bImprensa Nacional,
_c1943.
300 _a47 p.
500 _aNumerical data
650 _aAdministracao Publica
650 _aOrcamento
650 _aDespesa
909 _a202309
_bLucia
_c55
_dLucia Elande
942 _cBK
999 _c50516
_d50516